000 00647nam a2200229 i 4500
001 C2-0117860
003 PPAK
005 20180727110836.0
008 970729s1990 my |||| ||||| | may d
020 _a983962928X
040 _aPPAK
_beng
_cPPAK
_erda
082 0 4 _a808.066651
_223
090 0 0 _a808.066651
_bTAN
_dG
100 1 _aTan, Anita,
_eauthor
245 1 0 _aModel business correspondence (Panduan surat-menyurat perniagaan)
264 1 _aKuala Lumpur :
_bS. Abdul Majeed ,
_c1990
300 _a186 pages ;
_c21 cm
336 _2rdacontent
_atext
337 _2rdamedia
_aunmediated
338 _2rdacarrier
_avolume
942 _ddc
_cB
999 _c31800
_d31800